🔮 Purple Map Quiz - Name Europe Countries - Statistics

General Stats
  • This quiz has been taken 61 times
  • The average score is 43 of 45
Answers on the Map
Answers color-coded by a green-red scale on the quiz's map according to % correct below.
 
Answer Stats
Answer % Correct
Czech Republic
98%
Finland
98%
France
98%
Germany
98%
Iceland
98%
Ireland
98%
Italy
98%
Luxembourg
98%
Norway
98%
Portugal
98%
Russia
98%
Spain
98%
United Kingdom
98%
Austria
96%
Belgium
96%
Croatia
96%
Denmark
96%
Greece
96%
Hungary
96%
Latvia
96%
Liechtenstein
96%
Lithuania
96%
Malta
96%
Netherlands
96%
Poland
96%
Slovakia
96%
Sweden
96%
Switzerland
96%
Ukraine
96%
Vatican City
96%
Andorra
94%
Belarus
94%
Bosnia andHerzegovina
94%
Estonia
94%
Moldova
94%
Monaco
94%
Montenegro
94%
Romania
94%
San Marino
94%
Slovenia
94%
Albania
91%
North Macedonia
91%
Bulgaria
89%
Kosovo
89%
Serbia
89%
No matching quizzes found
Score Distribution
Percent of People with Each Score
Percentile by Number Answered
Your Score History
You have not taken this quiz